Les dirigeants des plus grand empire de l'histoire - Statistiques

Statistiques générales
  • Ce quiz a été pris 114 fois
    84 depuis la dernière actualisation
  • Le résultat moyen est 6 sur 20
Statistiques - réponses
Hint Réponse % Correct
Union ibérique (7 100 000 km2 en 1640) Philippe I
100%
Empire Britannique (35 500 000 km2 en 1920) George V
82%
Empire russe (22 800 000 km2 en 1895) Nicholas II
74%
URSS (22 400 000 km2 en 1950) Joseph Staline
73%
Empire du Brésil (8 337 000 km2 en 1889) Pierre II
59%
Califat omeyyade (11 000 000 km2 en 720) Yazīd II
49%
Empire Mongol (33 200 000 km2 en 1279) Kubilai Khan
43%
Premier empire colonial français (10 000 000 km2 en 1763) Louis XV
41%
Empire du Japon (8 510 000 km2 en 1942) Hirohito
35%
Second empire colonial français (13 500 000 km2 en 1939) Albert Lebrun
24%
Dynastie Yuan (11 000 000 km2 en 1310) Külüg Khan
23%
Empire espagnol (22 000 000 km2 en 1810) Joseph Bonaparte
9%
Second empire portugais (10 400 000 km2 en 1820) Jean VI
7%
Califat abbasside (11 100 000 km2 en 750) Abû al-Abbâs
5%
Empire Xiongnu (9 000 000 km2 en -176) Modu Chanyu
1%
Dynastie Han orientale (6 500 000 km2 en 100) Han Hedi
0%
Khaganat turc (6 000 000 km2 en 557) Istami
0%
Dynastie Ming (6 500 000 km2 en 1450) Ming Daizong
0%
Califat des Rachidoune (6 400 000 km2 en 655) Othman ibn Affan
0%
Dynastie Qing (14 700 000 km2 en 1790) Qianlong
0%
Aucun quiz correspondant
Distribution des résultats
% des personnes avec chaque résultat
Percentile par nombre de réponses
Votre historique - résultats
Vous n’avez pas pris ce quiz depuis la dernière actualisation